|
|
|
|
| LEADER |
01180nam a2200265 a 4500 |
| 001 |
00026936 |
| 003 |
BD-DhAAL |
| 008 |
130403s2007 bg a 001 0 ben d |
| 020 |
|
|
|a 984300000966
|
| 040 |
|
|
|a BD-DhAAL
|c BD-DhAAL
|
| 041 |
|
|
|a ben
|
| 082 |
0 |
0 |
|a 398/.042/095492
|2 22
|
| 100 |
1 |
|
|a আহমদ, ওয়াকিল.
|
| 245 |
0 |
0 |
|a লোকসংস্কৃতি /
|c ওয়াকিল আহমদ.
|
| 260 |
|
|
|a ঢাকা :
|b বাংলাদেশ এশিয়াটিক সোসাইটি,
|c ২০০৭.
|
| 300 |
|
|
|a xv, ৪০০ পৃষ্ঠা ;
|c ২৫ সে.মি.
|
| 490 |
0 |
|
|a বাংলাদেশ সাংস্কৃতিক সমীক্ষামালা-৭
|
| 500 |
|
|
|a নির্ঘণ্ট অন্তর্ভূক্ত.
|
| 541 |
1 |
|
|e 00026936
|
| 651 |
|
0 |
|a Folklore
|z Bangladesh.
|9 60511
|
| 700 |
1 |
|
|a ইসলাম, সিরাজুল.
|
| 852 |
1 |
|
|a Ayesha Abed Library
|j General shelf
|
| 942 |
|
|
|2 ddc
|c BK
|
| 999 |
|
|
|c 13375
|d 13375
|
| 952 |
|
|
|0 0
|1 0
|2 ddc
|4 0
|6 398_042095492000000_AHM
|7 0
|9 22291
|a IGS
|b IGS
|c GEN
|d 2012-04-27
|e Mullick & Brothers
|g 709.00
|l 0
|o 398.042095492 AHM
|p 3010026936
|r 2013-05-02
|t 1
|w 2012-04-27
|y BK
|